000 nam a22 a 4500
999 _c1316
_d1316
003 AKMAL
005 20170509095503.0
008 170509s1999 my 00 may d
020 _a9832149185 (kkt.):
_cRM12.00
039 9 _a201409052229
_bzalina_oclc
040 _aAKMAL
_cAKMAL
049 0 0 _aklpmal
082 0 4 _a297.63 MUH
_221
090 0 0 _a297.63
_bMUH
090 2 0 _a297.63
_bMUH
100 0 _aMuhammad Azraaie
_92596
245 1 0 _aCara makan dan minum nabi /
_cMuhammad Azraaie
260 _aBatu Caves :
_bPenerbitan Darul Iman,
_c[1999]
300 _a180ms. ;
_c21cm
500 _aMengandungi ayat-ayat dari Quran
600 0 0 _aMuhammad,
_cProphet,
_d-632
_91135
650 1 0 _aIslam
_xCustoms and practices
_91330
942 _2ddc
_cBOOK